[Event "HEM A-Turnier"]
[Site "Frankfurt-Zeilsheim"]
[Date "2018.??.??"]
[Round "1.13"]
[White "Reinecke, Katharina"]
[Black "Fucik, Timo"]
[Result "1/2-1/2"]
[WhiteElo "1905"]
[BlackElo "2024"]
[PlyCount "40"]
[EventDate "2018.??.??"]
[EventType "swiss"]
[EventRounds "7"]
[EventCountry "GER"]
[WhiteTeam "SK Langen"]
[BlackTeam "SK Ettlingen"]

1. d4 d5 2. c4 c6 3. Nf3 e6 4. b3 f5 5. g3 Nf6 6. Bg2 Bd6 7. O-O Qe7 8. Bb2 O-O
9. Qc1 b6 10. Ba3 Nbd7 11. Bxd6 Qxd6 12. Nc3 Ba6 13. cxd5 cxd5 14. Qb2 Rac8 15.
Rac1 Rc7 16. Rc2 Rfc8 17. Rfc1 Ne4 18. Nxe4 Rxc2 19. Nf6+ Nxf6 20. Rxc2 Rxc2
1/2-1/2

[Event "HEM A-Turnier"]
[Site "Frankfurt-Zeilsheim"]
[Date "2018.??.??"]
[Round "1.14"]
[White "Kuerschner, Matthias"]
[Black "Hemmerich, Luca"]
[Result "1-0"]
[WhiteElo "2021"]
[BlackElo "1896"]
[PlyCount "83"]
[EventDate "2018.??.??"]
[EventType "swiss"]
[EventRounds "7"]
[EventCountry "GER"]
[WhiteTeam "SK Langen"]
[BlackTeam "SC Tornado Wuppertal"]

1. e4 c5 2. Nf3 d6 3. d3 Nc6 4. Nbd2 g6 5. g3 Bg7 6. Bg2 e6 7. O-O Nge7 8. Re1
O-O 9. a4 Rb8 10. c3 a6 11. Nf1 b5 12. axb5 axb5 13. Bf4 Bb7 14. h4 h6 15. Qe2
e5 16. Bd2 Bc8 17. h5 Bg4 18. hxg6 fxg6 19. Ne3 Be6 20. Nh2 Qe8 21. Rf1 g5 22.
Nd5 Bf7 23. Ra6 Qd7 24. Ng4 Nxd5 25. exd5 Ne7 26. Ne3 Qb7 27. Rxd6 Ra8 28. c4
Qc7 29. Rc6 Nxc6 30. dxc6 bxc4 31. dxc4 Rab8 32. Bc3 Kh8 33. Nf5 Bxc4 34. Qxc4
Rxf5 35. Qxc5 Bf8 36. Qe3 Rb5 37. Qd3 Rxf2 38. Rxf2 Rb8 39. Qd7 Qxd7 40. cxd7
Kg8 41. Bd5+ Kh7 42. Rxf8 1-0

[Event "HEM A-Turnier"]
[Site "Frankfurt-Zeilsheim"]
[Date "2018.??.??"]
[Round "1.15"]
[White "Lukas, Anne"]
[Black "Dios, Erwin Michael"]
[Result "0-1"]
[WhiteElo "1857"]
[BlackElo "2020"]
[PlyCount "64"]
[EventDate "2018.??.??"]
[EventType "swiss"]
[EventRounds "7"]
[EventCountry "GER"]
[WhiteTeam "SK Gernsheim"]
[BlackTeam "SK Gießen"]

1. d4 g6 2. Nf3 Bg7 3. e4 c5 4. c4 cxd4 5. Nxd4 Nc6 6. Be3 Nf6 7. Nc3 O-O 8.
Be2 Nxd4 9. Bxd4 d6 10. O-O Bd7 11. f3 Bc6 12. Qd2 Nd7 13. Bxg7 Kxg7 14. Kh1 a5
15. f4 f6 16. Bg4 Nc5 17. Qe3 e5 18. fxe5 fxe5 19. Rxf8 Qxf8 20. Rd1 Qf6 21.
Kg1 Rf8 22. Be2 Qe7 23. a3 a4 24. Bf3 Rf6 25. Ne2 Qf7 26. Ng3 Qxc4 27. Qg5 Kf7
28. Qh4 h5 29. Bxh5 gxh5 30. Nxh5 Nxe4 31. Nxf6 Qc5+ 32. Kf1 Bb5+ 0-1

[Event "HEM A-Turnier"]
[Site "Frankfurt-Zeilsheim"]
[Date "2018.??.??"]
[Round "1.16"]
[White "Thomas, Norbert"]
[Black "Kempf, Alexander"]
[Result "1-0"]
[WhiteElo "2017"]
[BlackElo "1862"]
[PlyCount "63"]
[EventDate "2018.??.??"]
[EventType "swiss"]
[EventRounds "7"]
[EventCountry "GER"]
[WhiteTeam "SC Frankfurt-West"]
[BlackTeam "1. Hainstadter SC"]

1. d4 f5 2. c4 Nf6 3. Nc3 g6 4. h4 d6 5. h5 Nxh5 6. Rxh5 gxh5 7. e4 Qd7 8. g3
e6 9. Be2 Nc6 10. Bxh5+ Kd8 11. Nf3 h6 12. Be3 Qg7 13. Qd2 Bd7 14. O-O-O Be8
15. Bxe8 Kxe8 16. exf5 Qg4 17. Nh4 exf5 18. Nd5 Kd8 19. Bf4 Bg7 20. Ne3 Qh5 21.
Nhxf5 Bf6 22. g4 Qg6 23. c5 Bg5 24. Bg3 Be7 25. d5 Ne5 26. Bxe5 dxe5 27. d6
cxd6 28. cxd6 Bf6 29. d7 Rh7 30. Qa5+ b6 31. Qd5 Rb8 32. Qd6 1-0

[Event "HEM A-Turnier"]
[Site "Frankfurt-Zeilsheim"]
[Date "2018.??.??"]
[Round "1.17"]
[White "Froehlich Dill, Astrid"]
[Black "Nagelsdiek, Ralf"]
[Result "0-1"]
[WhiteElo "1866"]
[BlackElo "2004"]
[PlyCount "38"]
[EventDate "2018.??.??"]
[EventType "swiss"]
[EventRounds "7"]
[EventCountry "GER"]
[WhiteTeam "SV Hofheim"]
[BlackTeam "SC Bad Soden"]

1. d4 Nf6 2. c4 g6 3. Nc3 Bg7 4. e4 d6 5. f3 O-O 6. Be3 Nc6 7. Qd2 a6 8. a3 e5
9. d5 Nd4 10. Rd1 c5 11. dxc6 bxc6 12. c5 d5 13. exd5 Nxd5 14. Bg5 f6 15. Bh4
Ne3 16. Rc1 Nxf1 17. Kxf1 Nb3 18. Qxd8 Rxd8 19. Ne4 Nxc1 0-1

[Event "HEM A-Turnier"]
[Site "Frankfurt-Zeilsheim"]
[Date "2018.??.??"]
[Round "1.18"]
[White "Keuth, Gerd Erich"]
[Black "Haack, Kevin"]
[Result "1-0"]
[WhiteElo "1999"]
[BlackElo "1846"]
[PlyCount "107"]
[EventDate "2018.??.??"]
[EventType "swiss"]
[EventRounds "7"]
[EventCountry "GER"]
[WhiteTeam "SK Herborn"]
[BlackTeam "SC Bad Soden"]

1. d4 d5 2. c4 e6 3. Nc3 Nf6 4. Bg5 Nbd7 5. cxd5 exd5 6. e3 Be7 7. Nf3 c6 8.
Be2 O-O 9. O-O Ne4 10. Bxe7 Qxe7 11. Qc2 Ndf6 12. Ne5 Bf5 13. Bd3 g6 14. Rfe1
c5 15. Nxd5 Nxd5 16. Bxe4 Nb4 17. Qb1 Bxe4 18. Qxe4 c4 19. Qb1 b5 20. a3 f6 21.
Nxg6 hxg6 22. Qxg6+ Kh8 23. axb4 Qxb4 24. Reb1 a5 25. Ra3 Ra7 26. e4 Rh7 27.
Qf5 Qd6 28. Rh3 Rxh3 29. Qxh3+ Kg7 30. Qg4+ Kf7 31. Qh5+ Kg7 32. Rd1 Rh8 33.
Qg4+ Kf7 34. g3 Qe6 35. Qe2 a4 36. f4 f5 37. e5 Qd5 38. Qd2 Rb8 39. Qa5 Rb7 40.
Qa6 Rc7 41. Qf6+ Ke8 42. Qxf5 b4 43. Qg6+ Qf7 44. Qb6 b3 45. Qb8+ Kd7 46. d5
Qh5 47. e6+ Kd6 48. Qd8+ Kc5 49. Qxc7+ Kb5 50. Qc6+ Ka5 51. Qc5+ Ka6 52. Ra1
Qe8 53. Qxc4+ Kb7 54. Rxa4 1-0

[Event "HEM A-Turnier"]
[Site "Frankfurt-Zeilsheim"]
[Date "2018.??.??"]
[Round "1.19"]
[White "Schimmer, Michael"]
[Black "Rutsatz, Mario"]
[Result "1/2-1/2"]
[WhiteElo "1830"]
[BlackElo "1997"]
[PlyCount "26"]
[EventDate "2018.??.??"]
[EventType "swiss"]
[EventRounds "7"]
[EventCountry "GER"]
[WhiteTeam "SC Frankfurt-West"]
[BlackTeam "SF Frankfurt"]

1. e4 e6 2. d4 d5 3. Nc3 Bb4 4. e5 Ne7 5. a3 Bxc3+ 6. bxc3 c5 7. Nf3 Bd7 8. a4
Nbc6 9. Be2 Qa5 10. O-O Qxc3 11. Bd2 Qb2 12. Rb1 Qa2 13. Ra1 Qb2 1/2-1/2

[Event "HEM A-Turnier"]
[Site "Frankfurt-Zeilsheim"]
[Date "2018.??.??"]
[Round "1.20"]
[White "Waffenschmidt, Joachim"]
[Black "Blaschke, Henri Johannes"]
[Result "1-0"]
[WhiteElo "1995"]
[BlackElo "1814"]
[PlyCount "91"]
[EventDate "2018.??.??"]
[EventType "swiss"]
[EventRounds "7"]
[EventCountry "GER"]
[WhiteTeam "SC Brett vorm Kopp"]
[BlackTeam "SK Vellmar"]

1. d4 Nf6 2. c4 e6 3. g3 d5 4. Nf3 Bb4+ 5. Bd2 Be7 6. Bg2 c6 7. O-O O-O 8. Nc3
Nbd7 9. Bf4 Re8 10. Rc1 Nh5 11. Be3 Nhf6 12. Qd3 b6 13. cxd5 cxd5 14. Bf4 Nf8
15. Ne5 Ng6 16. Nxg6 hxg6 17. Nb5 Ba6 18. Qb3 Nh5 19. Be3 Qd7 20. a4 Rac8 21.
Bf3 Bd6 22. Qd3 Nf6 23. Bg5 Bb8 24. h4 Rxc1 25. Rxc1 Rc8 26. Qe3 Rxc1+ 27. Qxc1
Ne8 28. h5 gxh5 29. Bxh5 Nd6 30. Qf4 Bxb5 31. axb5 f6 32. Bh4 g5 33. Bxg5 fxg5
34. Qxg5+ Qg7 35. Qd8+ Qf8 36. Qd7 Ne4 37. Qxe6+ Kh8 38. Bf3 Kg7 39. Qxd5 Nf6
40. Qg5+ Kh8 41. e4 Nh7 42. Qh5 Bd6 43. e5 Bb4 44. Be4 Qe7 45. d5 Bc5 46. Kg2
1-0

[Event "HEM A-Turnier"]
[Site "Frankfurt-Zeilsheim"]
[Date "2018.??.??"]
[Round "1.21"]
[White "Jayakumar, Nivesh"]
[Black "Krueger, Till"]
[Result "1/2-1/2"]
[WhiteElo "1687"]
[BlackElo "1989"]
[PlyCount "59"]
[EventDate "2018.??.??"]
[EventType "swiss"]
[EventRounds "7"]
[EventCountry "GER"]
[WhiteTeam "SV Ffm-Griesheim"]
[BlackTeam "SC Nidderau"]

1. e4 d6 2. d4 Nf6 3. Nc3 e5 4. dxe5 dxe5 5. Qxd8+ Kxd8 6. Bg5 Be6 7. O-O-O+
Nbd7 8. h3 Kc8 9. a3 h6 10. Bh4 g5 11. Bg3 Nh5 12. Be2 Nxg3 13. fxg3 c6 14. Nf3
Kc7 15. Kb1 b5 16. Rhf1 f6 17. Ne1 Be7 18. Nd3 h5 19. Nb4 Nb6 20. Nxc6 Kxc6 21.
Bxb5+ Kc7 22. Nd5+ Bxd5 23. exd5 Rhd8 24. c4 a6 25. Bc6 Rab8 26. c5 Bxc5 27.
Rxf6 Rd6 28. Rf7+ Kc8 29. Rc1 Rxc6 30. dxc6 1/2-1/2

[Event "HEM A-Turnier"]
[Site "Frankfurt-Zeilsheim"]
[Date "2018.??.??"]
[Round "1.22"]
[White "Romero Flores, Antonio Cesar Feli"]
[Black "Philipp, Jan"]
[Result "1-0"]
[WhiteElo "1964"]
[BlackElo "1787"]
[PlyCount "67"]
[EventDate "2018.??.??"]
[EventType "swiss"]
[EventRounds "7"]
[EventCountry "GER"]
[WhiteTeam "VSG Offenbach"]
[BlackTeam "SC Frankfurt-West"]

1. e4 c6 2. d4 d5 3. e5 Bf5 4. g4 Bg6 5. h4 h6 6. Nh3 e6 7. Nf4 Ne7 8. Nc3 Nd7
9. h5 Bh7 10. Bd3 Bxd3 11. Nxd3 Rc8 12. Be3 b6 13. f4 c5 14. Nb5 Nc6 15. c3 c4
16. Nf2 a6 17. Na3 b5 18. f5 Be7 19. Nc2 Nb6 20. Qf3 Na4 21. O-O Nxb2 22. Nh3
Kd7 23. Nf4 Na4 24. fxe6+ fxe6 25. Nxe6 Qg8 26. Nf4 Nxc3 27. e6+ Kc7 28. Bd2
Na4 29. Nxd5+ Kd8 30. Nxe7 Nxe7 31. Ba5+ Ke8 32. Rae1 Nc6 33. Qd5 Ne5 34. Rxe5
1-0

[Event "HEM A-Turnier"]
[Site "Frankfurt-Zeilsheim"]
[Date "2018.??.??"]
[Round "1.23"]
[White "Bakiev, Diyor"]
[Black "Kuhn, Gerhard"]
[Result "1/2-1/2"]
[WhiteElo "1752"]
[BlackElo "1982"]
[PlyCount "53"]
[EventDate "2018.??.??"]
[EventType "swiss"]
[EventRounds "7"]
[EventCountry "GER"]
[WhiteTeam "SV Ffm-Griesheim"]
[BlackTeam "SK Marburg"]

1. e4 c6 2. d4 d5 3. exd5 cxd5 4. c4 Nf6 5. Nc3 Nc6 6. Nf3 Bg4 7. Be3 e6 8. Be2
Be7 9. O-O O-O 10. Ne5 Bxe2 11. Qxe2 Rc8 12. Nxc6 Rxc6 13. c5 Qb8 14. Bd2 Nd7
15. f4 Bf6 16. Qd3 g6 17. b4 Rcc8 18. Be3 b6 19. Rab1 Qa8 20. Bd2 Nb8 21. Ne2
Qb7 22. a4 Qd7 23. Qb3 Nc6 24. Bc3 Ne7 25. Rf3 Rfd8 26. h3 Qc7 27. Qc2 1/2-1/2

[Event "HEM A-Turnier"]
[Site "Frankfurt-Zeilsheim"]
[Date "2018.??.??"]
[Round "1.24"]
[White "Bethke, Robert"]
[Black "Ochs, Daniel Elias"]
[Result "0-1"]
[WhiteElo "1894"]
[BlackElo "1633"]
[PlyCount "44"]
[EventDate "2018.??.??"]
[EventType "swiss"]
[EventRounds "7"]
[EventCountry "GER"]
[WhiteTeam "SF Neuberg"]
[BlackTeam "Wiesbadener SV"]

1. c4 e5 2. Nc3 Nf6 3. Nf3 Nc6 4. g3 Bc5 5. Bg2 O-O 6. O-O d6 7. a3 a5 8. e3
Bb6 9. Rb1 Be6 10. d3 Re8 11. b4 axb4 12. axb4 e4 13. Nd4 Nxd4 14. exd4 Bg4 15.
Qc2 Bxd4 16. Nxe4 Nxe4 17. Bxe4 c6 18. Qb3 Bh3 19. Rd1 Qf6 20. Rd2 Qf3 21. Qd1
Rxe4 22. Qxf3 Re1# 0-1

[Event "HEM A-Turnier"]
[Site "Frankfurt-Zeilsheim"]
[Date "2018.??.??"]
[Round "2.1"]
[White "Leimeister, Erhard"]
[Black "Keuth, Gerd Erich"]
[Result "1/2-1/2"]
[WhiteElo "2214"]
[BlackElo "1999"]
[PlyCount "32"]
[EventDate "2018.??.??"]
[EventType "swiss"]
[EventRounds "7"]
[EventCountry "GER"]
[WhiteTeam "SC Eschborn"]
[BlackTeam "SK Herborn"]

1. c4 e5 2. g3 Nf6 3. Bg2 Bc5 4. Nc3 a6 5. e3 O-O 6. Nge2 Nc6 7. O-O d6 8. h3
Re8 9. d4 Ba7 10. d5 Ne7 11. e4 Nd7 12. Kh2 Rf8 13. f4 f5 14. b3 fxe4 15. Nxe4
Nf5 16. Ng5 Nc5 1/2-1/2

[Event "HEM A-Turnier"]
[Site "Frankfurt-Zeilsheim"]
[Date "2018.??.??"]
[Round "2.2"]
[White "Nagelsdiek, Ralf"]
[Black "Meyer, Kai Christian"]
[Result "1-0"]
[WhiteElo "2004"]
[BlackElo "2203"]
[PlyCount "59"]
[EventDate "2018.??.??"]
[EventType "swiss"]
[EventRounds "7"]
[EventCountry "GER"]
[WhiteTeam "SC Bad Soden"]
[BlackTeam "SF Schöneck"]

1. c4 Nf6 2. g3 e5 3. Bg2 d5 4. cxd5 Nxd5 5. Nc3 Nb6 6. d3 Be7 7. Nf3 Nc6 8.
O-O O-O 9. a3 a5 10. Be3 Ra6 11. Rc1 Re8 12. Ne4 h6 13. Bc5 Nd5 14. Nfd2 Bg5
15. Nxg5 hxg5 16. Qb3 Nf6 17. Rfe1 Ng4 18. h3 Nf6 19. Be3 Nd4 20. Bxd4 exd4 21.
Qc4 Re7 22. g4 Nh7 23. Ne4 Rg6 24. Ng3 b6 25. b4 axb4 26. axb4 Nf8 27. Ra1 Be6
28. Qb5 Bd7 29. Qd5 Ne6 30. Ra8 1-0

[Event "HEM A-Turnier"]
[Site "Frankfurt-Zeilsheim"]
[Date "2018.??.??"]
[Round "2.3"]
[White "Waffenschmidt, Joachim"]
[Black "Will, Dominik"]
[Result "1/2-1/2"]
[WhiteElo "1995"]
[BlackElo "2135"]
[PlyCount "73"]
[EventDate "2018.??.??"]
[EventType "swiss"]
[EventRounds "7"]
[EventCountry "GER"]
[WhiteTeam "SC Brett vorm Kopp"]
[BlackTeam "SC Bad Nauheim"]

1. d4 Nf6 2. c4 g6 3. Nc3 Bg7 4. e4 d6 5. Be2 O-O 6. Nf3 e5 7. O-O Nc6 8. d5
Ne7 9. Ne1 Nd7 10. Nd3 f5 11. Bd2 Nf6 12. f3 f4 13. g4 fxg3 14. hxg3 c6 15. Kg2
Bd7 16. Rh1 a6 17. a4 b5 18. cxb5 cxd5 19. Qb3 axb5 20. axb5 Kh8 21. Ra6 dxe4
22. fxe4 Rxa6 23. bxa6 Qa8 24. Nf2 d5 25. Bg5 Bc6 26. Bb5 dxe4 27. Bxc6 Nxc6
28. Bxf6 Rxf6 29. Nfxe4 Nd4 30. Qd5 Rxa6 31. Ng5 Qxd5+ 32. Nxd5 h6 33. Nf7+ Kh7
34. Ng5+ Kg8 35. Ne4 Ra2 36. Rb1 Kf7 37. Ndc3 1/2-1/2

[Event "HEM A-Turnier"]
[Site "Frankfurt-Zeilsheim"]
[Date "2018.??.??"]
[Round "2.4"]
[White "Romero Flores, Antonio Cesar Feli"]
[Black "Leidorf, Sebastian"]
[Result "0-1"]
[WhiteElo "1964"]
[BlackElo "2100"]
[PlyCount "108"]
[EventDate "2018.??.??"]
[EventType "swiss"]
[EventRounds "7"]
[EventCountry "GER"]
[WhiteTeam "VSG Offenbach"]
[BlackTeam "SV Bergwinkel"]

1. e4 e6 2. d4 d5 3. Nd2 Nf6 4. e5 Nfd7 5. Bd3 c5 6. c3 Nc6 7. Ne2 cxd4 8. cxd4
f6 9. exf6 Nxf6 10. O-O Bd6 11. Nf3 Qc7 12. Bg5 O-O 13. Bh4 Nh5 14. Qc2 h6 15.
Bh7+ Kh8 16. Bg6 Rxf3 17. Bxh5 Rf8 18. Bg3 Bd7 19. Bxd6 Qxd6 20. Qd2 Be8 21.
Bxe8 Raxe8 22. f4 Rf6 23. Rf3 Ref8 24. Raf1 Qd8 25. h3 Qb6 26. Rb3 Qc7 27. Rbf3
R8f7 28. Kh1 Qd8 29. g3 e5 30. Kg2 e4 31. Rc3 Ne7 32. Rfc1 Rc6 33. Rc5 Rff6 34.
b4 b6 35. R5c3 Rxc3 36. Rxc3 Rc6 37. b5 Rc7 38. Qc2 Rxc3 39. Qxc3 Qc8 40. Qxc8+
Nxc8 41. Nc3 Ne7 42. g4 g6 43. a4 Kg7 44. Na2 Kf6 45. Nb4 Ke6 46. Nc6 Nxc6 47.
bxc6 Kd6 48. h4 Kxc6 49. f5 Kd6 50. fxg6 Ke6 51. Kf2 a6 52. Ke3 b5 53. a5 b4
54. Kd2 b3 0-1

[Event "HEM A-Turnier"]
[Site "Frankfurt-Zeilsheim"]
[Date "2018.??.??"]
[Round "2.6"]
[White "Stock, Juergen"]
[Black "Kuerschner, Matthias"]
[Result "1-0"]
[WhiteElo "1927"]
[BlackElo "2021"]
[PlyCount "70"]
[EventDate "2018.??.??"]
[EventType "swiss"]
[EventRounds "7"]
[EventCountry "GER"]
[WhiteTeam "Sfr. Kelkheim"]
[BlackTeam "SK Langen"]

1. d4 d5 2. e3 g6 3. Bd3 Bg7 4. f4 Nh6 5. Nd2 O-O 6. Ngf3 c6 7. Qe2 f6 8. O-O
Nf7 9. e4 dxe4 10. Nxe4 Bg4 11. c3 Kh8 12. Nc5 e5 13. fxe5 fxe5 14. h3 Bxf3 15.
Rxf3 Qc8 16. Bc4 Nd6 17. Be6 Qe8 18. Rxf8+ Qxf8 19. dxe5 Nf7 20. Nd3 Na6 21.
Bxf7 Qxf7 22. Be3 Nc7 23. b4 Qc4 24. Qc2 Qe4 25. Re1 Rd8 26. Bd4 Qf5 27. Rf1
Qe4 28. Rf4 Qd5 29. c4 Qd7 30. Nc5 Qc8 31. Bc3 Ne6 32. Nxe6 Qxe6 33. Qf2 Rd1+
34. Kh2 Bxe5 35. Qe3 Re1 1-0

[Event "HEM A-Turnier"]
[Site "Frankfurt-Zeilsheim"]
[Date "2018.??.??"]
[Round "2.7"]
[White "Dios, Erwin Michael"]
[Black "Bajorski, Marius"]
[Result "0-1"]
[WhiteElo "2020"]
[BlackElo "1911"]
[PlyCount "60"]
[EventDate "2018.??.??"]
[EventType "swiss"]
[EventRounds "7"]
[EventCountry "GER"]
[WhiteTeam "SK Gießen"]
[BlackTeam "SV Hofheim"]

1. g3 Nf6 2. Bg2 c6 3. Nf3 d5 4. c4 g6 5. O-O Bg7 6. d4 O-O 7. Nbd2 Nbd7 8. Qc2
Re8 9. b3 e5 10. e3 exd4 11. Nxd4 Ne5 12. c5 b6 13. Ba3 Ba6 14. Rfd1 Nd3 15.
cxb6 Nxf2 16. Kxf2 Ng4+ 17. Kg1 Nxe3 18. Qc3 Nxd1 19. Rxd1 Be2 20. b7 Bxd1 21.
bxa8=Q Qxa8 22. Qd3 Re1+ 23. Kf2 Qe8 24. N2f3 Bxf3 25. Nxf3 Ra1 26. Bb4 Rxa2+
27. Kf1 Qe4 28. Qxe4 dxe4 29. Ne1 Bd4 30. Bh3 c5 0-1

[Event "HEM A-Turnier"]
[Site "Frankfurt-Zeilsheim"]
[Date "2018.??.??"]
[Round "2.8"]
[White "Ochs, Daniel Elias"]
[Black "Thomas, Norbert"]
[Result "1/2-1/2"]
[WhiteElo "1633"]
[BlackElo "2017"]
[PlyCount "79"]
[EventDate "2018.??.??"]
[EventType "swiss"]
[EventRounds "7"]
[EventCountry "GER"]
[WhiteTeam "Wiesbadener SV"]
[BlackTeam "SC Frankfurt-West"]

1. d4 d6 2. Nf3 Bg4 3. e3 Nd7 4. h3 Bh5 5. Be2 Ngf6 6. O-O e5 7. c4 Be7 8. Nc3
O-O 9. b3 c6 10. Bb2 e4 11. Nd2 Bg6 12. b4 Re8 13. Qb3 Bf8 14. a4 a5 15. Ba3
Bf5 16. Rfb1 axb4 17. Bxb4 b6 18. Qc2 Qc7 19. Nb3 Be6 20. a5 bxa5 21. Bxa5 Qc8
22. Nd2 Bf5 23. Bf1 Bg6 24. Nd1 Be7 25. Bb4 Rxa1 26. Rxa1 c5 27. Bc3 cxd4 28.
Bxd4 Nc5 29. Nb3 Nfd7 30. Nxc5 Nxc5 31. Nc3 f5 32. Nd5 Bf8 33. Qc3 Bf7 34. Ra7
Nd7 35. Qa5 Ne5 36. Qc7 Qe6 37. Nf4 Qf6 38. Nd5 Qe6 39. Nf4 Qf6 40. Nd5 1/2-1/2

[Event "HEM A-Turnier"]
[Site "Frankfurt-Zeilsheim"]
[Date "2018.??.??"]
[Round "2.9"]
[White "Flach, Erich"]
[Black "Scallan, Fiachra"]
[Result "1-0"]
[WhiteElo "2127"]
[BlackElo "1949"]
[PlyCount "77"]
[EventDate "2018.??.??"]
[EventType "swiss"]
[EventRounds "7"]
[EventCountry "GER"]
[WhiteTeam "SK Langen"]

1. c4 e5 2. g3 Nf6 3. Bg2 d5 4. cxd5 Nxd5 5. Nc3 Nb6 6. Nf3 Nc6 7. O-O Be7 8.
a3 Be6 9. b4 a5 10. b5 Nd4 11. Nxd4 exd4 12. Na4 Nd5 13. Bb2 Bf6 14. Nc5 O-O
15. Rc1 Re8 16. Re1 b6 17. Nxe6 fxe6 18. Qa4 Qe7 19. Rc4 Rad8 20. Bxd4 Bxd4 21.
Rxd4 Nf6 22. Rxd8 Rxd8 23. d4 e5 24. dxe5 Qxe5 25. Bf3 Rd2 26. Rc1 Rb2 27. Qc4+
Kf8 28. a4 Nd7 29. Qh4 Nf6 30. Qc4 Nd7 31. Rd1 Rb4 32. Qc6 Nf6 33. Rd8+ Kf7 34.
Rc8 Qa1+ 35. Kg2 Rb1 36. Rxc7+ Kg6 37. Be4+ Kh6 38. Bxb1 Qxb1 39. Qc1+ 1-0

[Event "HEM A-Turnier"]
[Site "Frankfurt-Zeilsheim"]
[Date "2018.??.??"]
[Round "2.10"]
[White "Finke, Kai"]
[Black "Schmitt, Carsten"]
[Result "1/2-1/2"]
[WhiteElo "2054"]
[BlackElo "1957"]
[PlyCount "57"]
[EventDate "2018.??.??"]
[EventType "swiss"]
[EventRounds "7"]
[EventCountry "GER"]
[WhiteTeam "SG Porz"]
[BlackTeam "SV Bergwinkel"]

1. d4 d5 2. c4 e6 3. Nc3 c5 4. cxd5 exd5 5. Nf3 Nc6 6. g3 Nf6 7. Bg2 Be7 8. O-O
O-O 9. Bg5 c4 10. Ne5 Be6 11. Nxc6 bxc6 12. Qc2 h6 13. Bf4 Rc8 14. Rad1 Qa5 15.
a3 Rfd8 16. e4 Nxe4 17. Nxe4 dxe4 18. Bxe4 Bf6 19. Be3 Bd5 20. Rd2 Rb8 21. Rfd1
Rb3 22. Re2 Rdb8 23. Bd2 Qd8 24. Bc3 Qd7 25. Rde1 Bxe4 26. Rxe4 g6 27. Qe2 Qd5
28. Re8+ Kg7 29. Re4 1/2-1/2

[Event "HEM A-Turnier"]
[Site "Frankfurt-Zeilsheim"]
[Date "2018.??.??"]
[Round "2.11"]
[White "Ullmann, Ralf"]
[Black "Syed, Tareq"]
[Result "1/2-1/2"]
[WhiteElo "1910"]
[BlackElo "2051"]
[PlyCount "66"]
[EventDate "2018.??.??"]
[EventType "swiss"]
[EventRounds "7"]
[EventCountry "GER"]
[WhiteTeam "SC Eschwege"]
[BlackTeam "SC Brett vorm Kopp"]

1. e4 c6 2. Nc3 Qc7 3. d4 d6 4. Bc4 e5 5. Be3 Nf6 6. Bb3 Be7 7. h3 Nbd7 8. Nf3
h6 9. Qd2 Nf8 10. O-O Rg8 11. Nh2 g5 12. f3 Ng6 13. Ng4 Nxg4 14. fxg4 Rg7 15.
Ne2 Nf4 16. Ng3 Bd7 17. a4 O-O-O 18. a5 Kb8 19. Qf2 c5 20. Bxf4 gxf4 21. Nf5
Bxf5 22. exf5 cxd4 23. Bd5 Bf6 24. Qf3 Rh8 25. c4 h5 26. Ra3 hxg4 27. hxg4 Qc5
28. b4 Qc8 29. Rc1 Rgh7 30. Kf2 Rh1 31. Raa1 Rxc1 32. Rxc1 Bh4+ 33. Ke2 Bg5
1/2-1/2

[Event "HEM A-Turnier"]
[Site "Frankfurt-Zeilsheim"]
[Date "2018.??.??"]
[Round "2.12"]
[White "Wolff, Peter"]
[Black "Muth, Andreas"]
[Result "0-1"]
[WhiteElo "1917"]
[BlackElo "2042"]
[PlyCount "96"]
[EventDate "2018.??.??"]
[EventType "swiss"]
[EventRounds "7"]
[EventCountry "GER"]
[WhiteTeam "VSG Offenbach"]
[BlackTeam "Sfr. Wieseck"]

1. c4 Nf6 2. g3 g6 3. Bg2 Bg7 4. Nf3 O-O 5. O-O d6 6. Nc3 Nc6 7. d3 e5 8. e4 h6
9. h3 Be6 10. Nd5 Kh7 11. Be3 Ne7 12. Nxf6+ Bxf6 13. Qd2 Bg7 14. Rac1 f5 15.
Ne1 Qd7 16. Kh2 f4 17. Nc2 fxe3 18. fxe3 Nc6 19. Rce1 Qe7 20. Qe2 Rxf1 21. Rxf1
Rf8 22. Rxf8 Qxf8 23. Qe1 Qf6 24. Qe2 h5 25. Bf3 Bh6 26. Kg2 a5 27. a3 Ne7 28.
Ne1 Qg5 29. Nc2 c6 30. Qe1 Qf6 31. Qd1 d5 32. cxd5 cxd5 33. Qe2 Qf7 34. Ne1
dxe4 35. dxe4 Bc4 36. Qd2 Nc6 37. Nc2 Bf1+ 38. Kxf1 Qxf3+ 39. Qf2 Qxe4 40. Kg1
Qf5 41. Qg2 Qd3 42. e4 Nd4 43. Nxd4 exd4 44. e5 Qe3+ 45. Kh1 d3 46. Qxb7+ Bg7
47. Qd7 d2 48. e6 Qf3+ 0-1

[Event "HEM A-Turnier"]
[Site "Frankfurt-Zeilsheim"]
[Date "2018.??.??"]
[Round "2.13"]
[White "Fucik, Timo"]
[Black "Schimmer, Michael"]
[Result "1-0"]
[WhiteElo "2024"]
[BlackElo "1830"]
[PlyCount "35"]
[EventDate "2018.??.??"]
[EventType "swiss"]
[EventRounds "7"]
[EventCountry "GER"]
[WhiteTeam "SK Ettlingen"]
[BlackTeam "SC Frankfurt-West"]

1. d4 Nf6 2. Bg5 e6 3. e4 c5 4. Nf3 cxd4 5. e5 h6 6. Bh4 Qa5+ 7. Nbd2 Nd5 8.
Bc4 Nc6 9. O-O g5 10. Nb3 Qc7 11. Bxd5 exd5 12. Bg3 d6 13. Re1 Be6 14. Nbxd4
Kd7 15. exd6 Qb8 16. Nxc6 bxc6 17. Ne5+ Kc8 18. d7+ 1-0

[Event "HEM A-Turnier"]
[Site "Frankfurt-Zeilsheim"]
[Date "2018.??.??"]
[Round "2.14"]
[White "Rutsatz, Mario"]
[Black "Reinecke, Katharina"]
[Result "1/2-1/2"]
[WhiteElo "1997"]
[BlackElo "1905"]
[PlyCount "142"]
[EventDate "2018.??.??"]
[EventType "swiss"]
[EventRounds "7"]
[EventCountry "GER"]
[WhiteTeam "SF Frankfurt"]
[BlackTeam "SK Langen"]

1. c4 c6 2. g3 d5 3. Bg2 Nf6 4. Nf3 Bg4 5. Qb3 Qb6 6. d3 e6 7. O-O Nbd7 8. cxd5
exd5 9. Nc3 Bd6 10. Qc2 O-O 11. h3 Bxf3 12. Bxf3 Ne5 13. Bg2 Rfe8 14. Bg5 Nfd7
15. Rab1 h6 16. Be3 Qc7 17. Rfc1 Qd8 18. b4 a6 19. a4 Qf6 20. b5 axb5 21. axb5
Ng6 22. bxc6 bxc6 23. Bd2 Bc5 24. e3 Ne7 25. Na4 Ba3 26. Bc3 Qd6 27. Re1 Ra6
28. Nb2 Rea8 29. e4 Qc5 30. d4 Qa7 31. e5 c5 32. dxc5 Qxc5 33. Qd2 Rc8 34. Bd4
Qc2 35. Qxc2 Rxc2 36. Nd3 Nf5 37. Ba1 Rd2 38. Nf4 d4 39. Be4 Nxe5 40. Bxf5 Nf3+
41. Kf1 Nxe1 42. Kxe1 Ra2 43. Bxd4 Bd6 44. Rc1 Ra8 45. Be3 Ra1 46. Bb1 Be5 47.
Ke2 Rb8 48. Bd3 Rb2+ 49. Kf3 Rxc1 50. Bxc1 Rb3 51. Ke4 Bb2 52. Bxb2 Rxb2 53.
Ke3 Rb4 54. Be4 Kf8 55. Nd3 Ra4 56. h4 g5 57. h5 Ke7 58. Nc5 Ra5 59. Kd4 Ra2
60. Ke3 Ra3+ 61. Bd3 Kd6 62. Ne4+ Ke5 63. f4+ gxf4+ 64. gxf4+ Kf5 65. Nf2+ Kf6
66. Ng4+ Kg7 67. Kd4 Ra1 68. Ne3 Rh1 69. Be2 Rh2 70. Bf3 Ra2 71. Bd5 Rh2
1/2-1/2